Land resources management : Acase study of Goa / (Record no. 1648)
[ view plain ]
| 000 -LEADER | |
|---|---|
| fixed length control field | 00501cam a2200181ua 4500 |
| 020 ## - INTERNATIONAL STANDARD BOOK NUMBER | |
| ISBN | 81-204-0743-1 |
| 041 ## - LANGUAGE CODE | |
| Language code of text/sound track or separate title | eng |
| 082 ## - DEWEY DECIMAL CLASSIFICATION NUMBER | |
| Classification number | 658.15242 |
| Item number | GUR/LA |
| 100 ## - MAIN ENTRY--AUTHOR NAME | |
| Personal name | Gurdev, Singh . |
| 245 ## - TITLE STATEMENT | |
| Title | Land resources management : Acase study of Goa / |
| 260 ## - PUBLICATION, DISTRIBUTION, ETC. (IMPRINT) | |
| Place of publication | New Delhi : |
| Name of publisher | Oxford & IBH Publishing company , |
| Year of publication | 1992. |
| 300 ## - PHYSICAL DESCRIPTION | |
| Number of Pages | 81 ; . |
| 700 1# - ADDED ENTRY--PERSONAL NAME | |
| Personal name | Vinod, Ahuja . |
| 942 ## - ADDED ENTRY ELEMENTS (KOHA) | |
| Koha item type | Books |
| Withdrawn status | Lost status | Damaged status | Home library | Current library | Date acquired | Full call number | Accession Number | Koha item type |
|---|---|---|---|---|---|---|---|---|
| KAUAET | KAUAET | 07/04/2012 | 658.15242 GUR/LA | 20068 | Books |
